[Event "Wch U14 blitz"]
[Site "Terme Catez"]
[Date "2024.12.16"]
[Round "3"]
[White "Sava, Robert Gabriel"]
[Black "Ordiz Fernandez, Roque"]
[Result "1-0"]
[WhiteElo "2269"]
[BlackElo "2002"]
[PlyCount "75"]
[EventDate "2024.12.16"]
[EventType "swiss (blitz)"]
[EventRounds "22"]
[EventCountry "SLO"]
[SourceTitle "CB51_2024"]
[SourceDate "2024.12.18"]
[SourceVersion "1"]
[SourceVersionDate "2024.12.18"]
[SourceQuality "1"]

1. d4 Nf6 2. c4 d6 3. Nf3 g6 4. g3 Bg7 5. Bg2 0-0 6. 0-0 Nbd7 7. Nc3 e5 8. dxe5 dxe5 9. Bg5 h6 10. Bxf6 Bxf6 11. Qd2 Bg7 12. Rfd1 c6 13. Ne4 Qe7 14. Qd6 Qxd6 15. Nxd6 Nb6 16. Nxc8 Raxc8 17. c5 Na4 18. Rac1 Nxb2 19. Rd7 b6 20. Rxa7 e4 21. Nd2 e3 22. fxe3 bxc5 23. Rxc5 Rfd8 24. Rc2 Nd1 25. Nf1 Nc3 26. Ra3 Nb5 27. Rd3 Rxd3 28. exd3 c5 29. a4 Nd6 30. a5 Rc7 31. a6 Ra7 32. Ra2 Nb5 33. Ra5 Nc7 34. Bb7 Bc3 35. Rxc5 Nxa6 36. Bxa6 Bb4 37. Rc8+ Kg7 38. Bc4 1-0

[Event "Wch U14 rapid"]
[Site "Terme Catez"]
[Date "2024.12.15"]
[Round "6"]
[White "Sava, Robert Gabriel"]
[Black "Nguyen, Manh Duc"]
[Result "1/2-1/2"]
[WhiteElo "2138"]
[BlackElo "2025"]
[PlyCount "122"]
[EventDate "2024.12.14"]
[EventType "swiss (rapid)"]
[EventRounds "11"]
[EventCountry "SLO"]
[SourceTitle "CB51_2024"]
[SourceDate "2024.12.18"]
[SourceVersion "1"]
[SourceVersionDate "2024.12.18"]
[SourceQuality "1"]

1. Nf3 d5 2. c4 c6 3. e3 Nf6 4. b3 Bf5 5. Nc3 h6 6. Bb2 e6 7. Be2 Be7 8. 0-0 0-0 9. d4 Nbd7 10. Re1 Bh7 11. Bd3 Bxd3 12. Qxd3 Bb4 13. Nd2 Qc7 14. a3 Bxc3 15. Bxc3 Rfd8 16. e4 b5 17. e5 dxc4 18. bxc4 bxc4 19. Nxc4 Nd5 20. Ba5 N7b6 21. Nd6 Rdb8 22. Rac1 Qd7 23. Bd2 f5 24. Qc2 Ne7 25. Bb4 a5 26. Bc5 Nbd5 27. Rb1 Nc8 28. Qd2 Nxd6 29. exd6 Rxb1 30. Rxb1 Kf7 31. Qb2 a4 32. Qb7 Qxb7 33. Rxb7+ Kf6 34. Kf1 g5 35. g3 e5 36. dxe5+ Kxe5 37. Rh7 f4 38. Kg2 g4 39. h3 f3+ 40. Kh2 Nf6 41. Rxh6 Ne4 42. Rh5+ Ke6 43. hxg4 Rb8 44. Rh6+ Kd5 45. Be3 c5 46. g5 c4 47. d7 c3 48. g6 Nf6 49. Kh3 Nxd7 50. g7 Rg8 51. Rg6 Ne5 52. Rg5 Ke4 53. g4 c2 54. Kg3 Nc4 55. Bc1 Ne5 56. Be3 Nc4 57. Bc1 Ne5 58. Bd2 Nc4 59. Bc1 Ne5 60. Be3 Nc4 61. Bc1 Ne5 1/2-1/2